[Event "RSA-ch U12"]
[Site "Gauteng"]
[Date "2017.04.08"]
[Round "6"]
[White "Odendaal, Mikhal"]
[Black "Beukes, Jaeden"]
[Result "1-0"]
[WhiteElo "1076"]
[BlackElo "801"]
[PlyCount "44"]
[EventDate "2017.04.05"]
[EventType "swiss"]
[EventRounds "11"]
[EventCountry "RSA"]
[SourceTitle "CBM 177 Extra"]
[Source "ChessBase"]
[SourceDate "2017.04.27"]
[SourceVersion "1"]
[SourceVersionDate "2017.04.27"]
[SourceQuality "1"]

1. e4 c6 2. d4 d5 3. exd5 cxd5 4. Bd3 Nc6 5. c3 Nf6 6. Nf3 Bg4 7. Bf4 e6 8. Qb3 Bd6 9. Bxd6 Qxd6 10. Nbd2 0-0 11. 0-0 Rab8 12. Rfe1 Rfe8 13. Ne5 Qc7 14. Nxg4 Nxg4 15. Nf3 Rbd8 16. Qc2 Nf6 17. h3 Re7 18. Qe2 Rde8 19. Rad1 e5 20. dxe5 Nxe5 21. Nxe5 Qxe5 22. Bb5 Re6 1-0